000 00570nam a2200217Ia 4500
003 OSt
005 20220928151631.0
006 a|||||r|||| 00| 0
007 ta
008 220927b |||||||| |||| 00| 0 eng d
024 _a130005
037 _cTextual
040 _aSDCL
_cSDCL
_beng
041 _2eng
_aeng
082 _aO:g(Y31), M0
100 _aGupta Vishambhrdayal
_9517857
245 0 _aGramin samajshastra
_b Sahitya-pariprekshya mei
260 _c1980
942 _hO:g(Y31), M0
_cTEXL
_2CC
999 _c852320
_d852320